000 00485nam a22001577a 4500
003 GBCCL
005 20250903150342.0
008 250903b |||||||| |||| 00| 0 eng d
040 _cGBC
082 _aSOU EVA
_b2025
245 _aEvangelical Baptist convention church Mission compound, Lamka South division :
_bSilver jubilee souvenir 2000-2025
260 _aMission Compound :
_bEBCC,
_c2025
300 _a164P. ;
650 _aSouvenir
_vEBCC Mission compound
942 _2ddc
_cARCH
_n0
999 _c10931
_d10931